How girls achieve / (Record no. 113080)
[ view plain ]
| 000 -LEADER | |
|---|---|
| campo de control de longitud fija | 01803cam a2200409 i 4500 |
| 001 - NÚMERO DE CONTROL | |
| campo de control | 20804663 |
| 003 - IDENTIFICADOR DE NÚMERO DE CONTROL | |
| campo de control | BJBSDDR |
| 005 - FECHA Y HORA DE LA ÚLTIMA TRANSACCIÓN | |
| campo de control | 20230411090136.0 |
| 007 - CAMPO FIJO DE DESCRIPCIÓN FÍSICA--INFORMACIÓN GENERAL | |
| campo de control de longitud fija | ta |
| 008 - DATOS DE LONGITUD FIJA--INFORMACIÓN GENERAL | |
| campo de control de longitud fija | 060819s2019 mau b 001 0 eng c |
| 010 ## - NÚMERO DE CONTROL DE LA BIBLIOTECA DEL CONGRESO | |
| Número de control de LC | 2018044764 |
| 020 ## - NÚMERO INTERNACIONAL ESTÁNDAR DEL LIBRO | |
| Número Internacional Estándar del Libro | 9780674980228 |
| 020 ## - NÚMERO INTERNACIONAL ESTÁNDAR DEL LIBRO | |
| Número Internacional Estándar del Libro | 0674980220 |
| 040 ## - FUENTE DE CATALOGACIÓN | |
| Centro catalogador/agencia de origen | MH/DLC |
| Lengua de catalogación | eng |
| Centro/agencia transcriptor | MH |
| Normas de descripción | rda |
| Centro/agencia modificador | DLC |
| 042 ## - CÓDIGO DE AUTENTICACIÓN | |
| Código de autenticación | pcc |
| 050 00 - SIGNATURA TOPOGRÁFICA DE LA BIBLIOTECA DEL CONGRESO | |
| Número de clasificación | LC 1481 |
| Número de ítem | N962h 2019 |
| 082 00 - NÚMERO DE LA CLASIFICACIÓN DECIMAL DEWEY | |
| Número de clasificación | 371.82 |
| Número de edición | 23 |
| 100 1# - ENTRADA PRINCIPAL--NOMBRE DE PERSONA | |
| Nombre de persona | Nuamah, Sally A., |
| Fechas asociadas al nombre | 1989- |
| 9 (RLIN) | 6635 |
| 245 10 - MENCIÓN DEL TÍTULO | |
| Título | How girls achieve / |
| Mención de responsabilidad, etc. | Sally A. Nuamah. |
| 264 #1 - PRODUCCIÓN, PUBLICACIÓN, DISTRIBUCIÓN, FABRICACIÓN Y COPYRIGHT | |
| Producción, publicación, distribución, fabricación y copyright | Cambridge, Massachusetts ; |
| -- | London : |
| Nombre del de productor, editor, distribuidor, fabricante | Harvard University Press, |
| Fecha de producción, publicación, distribución, fabricación o copyright | 2019. |
| 300 ## - DESCRIPCIÓN FÍSICA | |
| Extensión | xi, 202 pages ; |
| Dimensiones | 22 cm |
| 336 ## - TIPO DE CONTENIDO | |
| Término de tipo de contenido | text |
| Fuente | rdacontent |
| 337 ## - TIPO DE MEDIO | |
| Nombre/término del tipo de medio | unmediated |
| Fuente | rdamedia |
| 338 ## - TIPO DE SOPORTE | |
| Nombre/término del tipo de soporte | volume |
| Fuente | rdacarrier |
| 504 ## - NOTA DE BIBLIOGRAFÍA, ETC. | |
| Nota de bibliografía, etc. | Includes bibliographical references and index. |
| 505 0# - NOTA DE CONTENIDO CON FORMATO | |
| Nota de contenido con formato | Introduction: Letting girls learn -- Becoming safe -- Becoming feminist -- Becoming achievement oriented -- The limits of confidence... -- Conclusion: Letting all students learn. |
| 520 ## - RESUMEN, ETC. | |
| Sumario, etc. | This bold and necessary book points out a simple and overlooked truth: most schools never had girls in mind to begin with. That is why the world needs what Sally Nuamah calls feminist schools, deliberately designed to provide girls with achievement-oriented identities. And she shows why doing so would help all students, regardless of their gender.-- |
| Fuente proveedora | Provided by publisher |
| 650 #0 - PUNTO DE ACCESO ADICIONAL DE MATERIA--TÉRMINO DE MATERIA | |
| Término de materia o nombre geográfico como elemento de entrada | Girls |
| Subdivisión general | Education. |
| 650 #0 - PUNTO DE ACCESO ADICIONAL DE MATERIA--TÉRMINO DE MATERIA | |
| Término de materia o nombre geográfico como elemento de entrada | Girls |
| Subdivisión general | Conduct of life. |
| 650 #0 - PUNTO DE ACCESO ADICIONAL DE MATERIA--TÉRMINO DE MATERIA | |
| Término de materia o nombre geográfico como elemento de entrada | Sex differences in education. |
| 650 #0 - PUNTO DE ACCESO ADICIONAL DE MATERIA--TÉRMINO DE MATERIA | |
| Término de materia o nombre geográfico como elemento de entrada | Academic achievement. |
| 650 #4 - PUNTO DE ACCESO ADICIONAL DE MATERIA--TÉRMINO DE MATERIA | |
| Término de materia o nombre geográfico como elemento de entrada | Logros académicos |
| 9 (RLIN) | 1687 |
| 650 #4 - PUNTO DE ACCESO ADICIONAL DE MATERIA--TÉRMINO DE MATERIA | |
| Término de materia o nombre geográfico como elemento de entrada | Niñas |
| 9 (RLIN) | 7982 |
| Subdivisión general | Educación |
| 906 ## - ELEMENTOS DE DATOS F LOCAL, LDF (RLIN) | |
| a | 7 |
| b | cbc |
| c | orignew |
| d | 1 |
| e | ecip |
| f | 20 |
| g | y-gencatlg |
| 942 ## - ELEMENTOS DE ENTRADA SECUNDARIOS (KOHA) | |
| Fuente del sistema de clasificación o colocación | Clasificación de Library of Congress |
| Tipo de ítem Koha | Libro |
| Estatus retirado | Estado de pérdida | Fuente del sistema de clasificación o colocación | Estado de daño | No para préstamo | Colección | Biblioteca de origen | Biblioteca actual | Ubicación en estantería | Fecha de adquisición | Signatura topográfica completa | Código de barras | Visto por última vez | Copia número | Tipo de ítem Koha |
|---|---|---|---|---|---|---|---|---|---|---|---|---|---|---|
| Clasificación de Library of Congress | Humanidades | Biblioteca Juan Bosch | Biblioteca Juan Bosch | Humanidades (4to. Piso) | 06/08/2019 | LC 1481 N962h 2019 | 00000132680 | 06/08/2019 | 1 | Libro |
